00910nam a2200229 a 450000100060000000300080000600500170001400800410003102000350007203500190010704000350012604100080016108200350016911000500020424500950025426000250034930000400037465000830041494200130049799900170051095201530052753230BD-RjUL20211209075928.0180508s2016 bg a|||| |||| 001 0 eng d a9789845190329c: Complimentary a(BD-RjUL)53350 aBD-RjULbengcBD-RjULdBD-RjUL aeng 223aRA 330.954923021bNOA 20161 aBangladesh Bureau of Statistics (BBS)922136010aEconomic Census 2013, District Report: bNoakhali /cBangladesh Bureau of Statistics (BBS) aDhaka: bBBS, c2016 a xxviii, 504 p. : bIll. ; c28 cm. aBangladesh zNoakhalixEconomic conditions y21st century vStatistics9221361 2ddccRAR c53230d53230 00102ddc40718RAREaRUCLbRUCLcRared2017-10-31eBBS, Dhaka, Bangladeshl0oRA 330.954923021 NOA 2016r2018-05-08 00:00:00tC-1w2018-05-08yRAR